000 00436nam a2200157Ia 4500
005 20250508161925.0
008 008 250505s9999 xx 000 0 hin d
037 _aBooks to be hide in OPAC
040 _aFEDL
_beng
_cFEDL
041 _ahin
_2hin
084 _a011, BER
_qFEDL
245 0 _aNavneet: Hindi digest
260 _aBombay, India
_bNavneet Prakashan Ltd.
942 _cHB
_h011, BER
999 _c1373243
_d1373243